000 01406nam0a2200301 4500
001 RU\NLR\bibl\1775588
005 20250616133101.0
010 _a978-5-9624-0492-9
_9100
021 _aRU
_b2011-36047
_92572
035 _a(NLR Aleph) 001766354
090 _a1610067
_c1610067
100 _a20110602d2010 |||y0rusy50 ca
101 0 _arus
102 _aRU
105 _ay |||||||||
200 1 _aРесоциализация несовершеннолетних осужденных
_e(по материалам Восточно-Сибирского региона)
_eмонография
_fМ. Н. Садовникова
_gМ-во образования и науки Рос. Федерации, ГОУ ВПО "Иркут. гос. ун-т"
210 _aИркутск
_cИзд-во Иркутского государственного университета
_d2010
215 _a415 с.
_cсхем.
_d20
320 _aБиблиогр.: с. 400-415 (218 назв.)
606 1 _aНесовершеннолетние, отбывающие наказание
_xРесоциализация
_92329263
_3RU\NLR\auth\661392987
686 _aС550.325.2
700 1 _aСадовникова
_bМ. Н.
_gМарианна Николаевна
_4070
801 0 _aRU
_bNLR
_c20110602
_gRCR
801 1 _aRU
_bNLR
_c20110602
942 _cBOOK
980 _aNB